| 000 | 00693nam a2200181 a 4500 | ||
|---|---|---|---|
| 005 | 20241211063729.0 | ||
| 008 | 010829s1994 mx r 000 0 spa d | ||
| 035 | _aUPN01000110720 | ||
| 049 | _aAV | ||
| 099 | _aPVI Q 01042 | ||
| 245 | 0 | 3 | _aEl valor del rostro. |
| 260 |
_aMéxico : _bPelículas Ebesa [distribuidor], _cc1994. |
||
| 300 |
_a1 videocasete (VHS) (11 min.) : _bson., col. |
||
| 520 | _aEn este video un médico nos muestra cómo midiendo los huesos de un cráneo primitivo es posible determinar la estatura y el peso de la persona a la que perteneció | ||
| 650 | 4 |
_aMatemáticas _vProblemas, ejercicios, etc. _93580 |
|
| 650 | 4 |
_aAntropometría _96478 |
|
| 905 | _aAudiovisuales | ||
| 999 |
_c84629 _d84629 |
||